Liga Mistrzów 25/26 - Statystyki

Ogólne statystyki
  • Ten quiz został rozwiązany 283 razy
    232 od ostatniego zresetowania
  • Średni wynik to 27 z 36
Statystyki odpowiedzi
Państwo Klub % Poprawnych
Hiszpania Real Madryt
98%
Hiszpania Barcelona
97%
Anglia Manchester City
96%
Anglia Arsenal
95%
Włochy Inter Milan
94%
Anglia Liverpool
94%
Hiszpania Atletico Madryt
92%
Niemcy Bayern Monachium
91%
Anglia Chelsea
91%
Francja Paris Saint-Germain
91%
Włochy Juventus
89%
Niemcy Borussia Dortmund
87%
Holandia Ajax
85%
Włochy Napoli
84%
Portugalia Benfica
82%
Niemcy Bayer Leverkusen
81%
Portugalia Sporting
80%
Francja Olympique Marsylia
77%
Holandia PSV
77%
Anglia Tottenham
77%
Turcja Galatasaray
73%
Norwegia Bodo Glimt
71%
Anglia Newcastle
71%
Hiszpania Villareal
70%
Hiszpania Athletic Bilbao
69%
Czechy Slavia Praga
69%
Francja Monaco
67%
Włochy Atalanta
66%
Belgia Club Brugge
64%
Dania Kopenhaga
63%
Cypr Pafos
56%
Niemcy Eintracht
53%
Kazachstan Kairat Ałmaty
52%
Grecja Olympiakos
52%
Azerbejdżan Karabach
48%
Belgia Union SG
30%
Nie znaleziono quizów pasujących do podanych kryteriów
Rozkład punktacji
Procent ludzi z każdym wynikiem
Percentyl według liczby udzielonych odpowiedzi
Twoja historia wyników
Nie rozwiązałeś tego quizu od ostatniego zresetowania